Sports Quiz

Random Sports Quiz
Score 0/16 Timer 04:00
1 Play Today
% Correct
Discus
95.2%
Javelin
91.6%
Hurdles
91.2%
High jump
91.1%
Racewalking
90.8%
100m sprint
90.7%
Hammer throw
89.8%
Triple jump
89.3%
% Correct
Shot put
86.9%
Fell (hill) running
86.7%
Pole vault
85.9%
800m race
84.8%
Relay race
84.5%
Steeplechase
81.8%
Cross-country running
79.6%
Marathon race
78.9%
Come Together.
Have Fun.
All Virtual.
We all need to come together. Play Sporcle's virtual live trivia to have fun, connect with people, and get your trivia on. Join a live hosted trivia game for your favorite pub trivia experience done virtually. If a virtual private party is more your thing, go here for details.

You're not logged in!

Compare scores with friends on all Sporcle quizzes.
OR
Log In

Sporcle TV

Today on Sporcle TV


Watch our educational content, quiz creation guides, and fun videos on Sporcle TV.

Show Comments

Extras

Top Quizzes Today


Score Distribution

Paid Content

Your Account Isn't Verified!

In order to create a playlist on Sporcle, you need to verify the email address you used during registration. Go to your Sporcle Settings to finish the process.

Report this User

Report this user for behavior that violates our Community Guidelines.

Details: